Železniční přeprava zboží od A do Ž velká komerční zkouška

Na minha lista:
Detalhes bibliográficos
Autor principal: Veselý, Josef
Formato: Livro
Idioma:tcheco
Publicado em: Praha Nakladatelství dopravy a spojů 1977
Tags: Adicionar Tag
Sem tags, seja o primeiro a adicionar uma tag!

MARC

LEADER 00000nam a2200000 4500
001 c120086
005 20041019155216.0
041 0 |a cze 
044 |a CZ 
245 1 0 |a Železniční přeprava zboží od A do Ž  |b velká komerční zkouška  |c Josef Veselý 
264 1 |a Praha  |b Nakladatelství dopravy a spojů  |c 1977 
300 |a 316 s. 
100 1 |a Veselý, Josef